| 000 | 01039nam a22002777a 4500 | ||
|---|---|---|---|
| 001 | 9529 | ||
| 003 | FISKH | ||
| 005 | 20260119132424.0 | ||
| 008 | 260119b cb ||||| |||| 00| 0 eng d | ||
| 020 | _a9780786851492 | ||
| 040 |
_aFISKH _beng _cFISKH _dFISKH |
||
| 050 | _aPZ7.C677475 S | ||
| 082 | _a823.914 | ||
| 100 |
_aColfer, Eoin _eAuthor |
||
| 245 |
_aThe supernaturalist / _cEoin Colfer |
||
| 260 |
_aNew York : _bHyperion Paperbacks for children , _c2004 |
||
| 300 |
_a267 pages : _c20 cm |
||
| 505 | _aP | ||
| 520 | _aIn futuristic Satellite City, fourteen-year-old Cosmo Hill escapes from his abusive orphanage and teams up with three other people who share his unusual ability to see supernatural creatures, and together they determine the nature and purpose of the swarming blue Parasites that are invisible to most humans. | ||
| 521 | 8 |
_a650
_bLexile |
|
| 521 | 8 |
_aP
_bRaz-Plus |
|
| 650 |
_aChildren's fantasy _vChildren's fiction |
||
| 650 |
_aFuturistic _vJuvenile |
||
| 942 |
_2ddc _cBK _n0 |
||
| 999 |
_c9529 _d9529 |
||